Ley de Tránsito por Vías Públicas Terrestres (Registro nro. 5989)

Detalles MARC
000 -CABECERA
campo de control de longitud fija 00593ata a2200229 4500
005 - FECHA Y HORA DE ACTUALIZACIÓN
campo de control 20161118114638.0
008 - LONGITUD FIJA
campo de control de longitud fija 150526b xxu||||| |||| 00| 0 spa d
041 ## - IDIOMA
Código de idioma del texto/pista de sonido o título separado
082 ## - CLASIFICACIÓN DECIMAL DEWEY
Número de clasificación 388.3 C8374L
100 ## - AUTOR PERSONAL
Nombre de persona Costa Rica. Leyes, decretos, etc.
245 ## - TÍTULO PROPIAMENTE DICHO
Título Ley de Tránsito por Vías Públicas Terrestres
250 ## - EDICIÓN
Mención de edición 15 edición
260 ## - PIE DE IMPRENTA
Lugar de publicación, distribución, etc. Costa Rica
260 ## - PIE DE IMPRENTA
Nombre del editor, distribuidor, etc. IJSA
260 ## - PIE DE IMPRENTA
Fecha de publicación, distribución, etc. 2009
300 ## - DESCRIPCIÓN FÍSICA
Extensión 224 páginas
650 ## - Materia General
Materia general COSTA RICA
650 ## - Materia General
Materia general LEGISLACIÓN
650 ## - Materia General
Materia general TRANSPORTE MOTORIZADO
650 ## - Materia General
Materia general DERECHO VIAL
942 ## - Punto de Acceso Adicional Koha
Tipo de ítem Koha Libro
Existencias
Estado perdido Estado dañado No para préstamo Biblioteca permanente Biblioteca actual Signatura completa Código de barras Precio efectivo a partir del Tipo de ítem
      Departamento de Biblioteca y Documentación Alfonso Chase Brenes Departamento de Biblioteca y Documentación Alfonso Chase Brenes 388.3 C8374L 5988 18/11/2016 Libro
      Departamento de Biblioteca y Documentación Alfonso Chase Brenes Departamento de Biblioteca y Documentación Alfonso Chase Brenes 388.3 C8374L 5989 18/11/2016 Libro
      Departamento de Biblioteca y Documentación Alfonso Chase Brenes Departamento de Biblioteca y Documentación Alfonso Chase Brenes 388.3 C8374L 2552 18/11/2016 Libro
      Departamento de Biblioteca y Documentación Alfonso Chase Brenes Departamento de Biblioteca y Documentación Alfonso Chase Brenes 388.3 C8374L 3985 18/11/2016 Libro
      Departamento de Biblioteca y Documentación Alfonso Chase Brenes Departamento de Biblioteca y Documentación Alfonso Chase Brenes 388.3 C8374L 13030 18/11/2016 Libro
      Departamento de Biblioteca y Documentación Alfonso Chase Brenes Departamento de Biblioteca y Documentación Alfonso Chase Brenes 388.3 C8374L 2752 18/11/2016 Libro
      Departamento de Biblioteca y Documentación Alfonso Chase Brenes Departamento de Biblioteca y Documentación Alfonso Chase Brenes 388.3 C8374L 13286 25/01/2017 Libro
      Departamento de Biblioteca y Documentación Alfonso Chase Brenes Departamento de Biblioteca y Documentación Alfonso Chase Brenes 388.3 C8374L 4759 27/11/2019 Libro